000 00878nam0a22002531 4500
001 rc\2803707
005 20250806210419.0
035 _a(NLR Aleph) 006929698
090 _a34548
_c34548
100 _a20110915d1944 u y0rusy50 ca
101 0 _arus
102 _aRU
105 _ay z |||||
200 1 _aОгни большого Урала
_eПисьмо о советском тыле
_fАлексей Сурков
_gГлав. полит. упр. Красной Армии
210 _aМосква
_cВоен. изд-во
_d1944
215 _a64 с.
_d14 см.
700 1 _aСурков
_bА.А.
_f1899-1983
_gАлексей Александрович
801 0 _aRU
_bNLR
_gpsbo
801 1 _aRU
_bELAR
_2rusmarc
852 _aNLR
_jЭк40 Г-2/74
942 _cBOOK
945 _aРоссийская национальная библиотека
980 _aNB
980 _aBV